[Event "AUTO-OPEN-2911"]
[Site "http://www.queenalice.com/game.php?id=1149092"]
[Date "2013.2.5"]
[Round "1"]
[White "princesher"]
[Black "jimmi"]
[Result "1-0"]
[WhiteElo "1754"]
[BlackElo "1579"]

1. e4 e5 2. Nf3 Nc6 3. c3 Nf6 4. d3 Bc5 5. b4 Bb6 6. Bg5 h6 7. Bxf6 Qxf6 8. a4
d6 9. a5 Bxf2+ 10. Kxf2 b5 11. axb6 cxb6 12. b5 Ne7 13. Ke1 Bg4 14. Be2 Bxf3 15.
Bxf3 Rc8 16. Rxa7 O-O 17. c4 Ra8 18. Qa4 Rxa7 19. Qxa7 Nc8 20. Qc7 Qf4 21. Ke2
Qf6 22. Rf1 Qh4 23. h3 g5 24. Bg4 f5 25. Rxf5 Qg3 26. Rxf8+ Kxf8 27. Qxc8+ Kf7
28. Qe6+ Kf8 29. Qxd6+ Kf7 30. Bh5+ Kg7 31. Qg6+ Kf8 32. Qf7# 1-0

[Event "AUTO-OPEN-2911"]
[Site "http://www.queenalice.com/game.php?id=1149093"]
[Date "2013.2.5"]
[Round "1"]
[White "jimmi"]
[Black "princesher"]
[Result "0-1"]
[WhiteElo "1570"]
[BlackElo "1732"]

1. Nf3 d5 2. c3 f6 3. e3 Bg4 4. b4 c6 5. h3 Bxf3 6. Qxf3 e5 7. g4 g5 8. b5 e4 9.
Qf5 Qd7 10. Qxd7+ Nxd7 11. bxc6 bxc6 12. Ba3 Bxa3 13. Nxa3 Ne7 14. d4 Ng6 15.
Ba6 Nh4 16. O-O-O Ke7 17. Bb7 Rab8 18. Bxc6 Nb6 19. Nb5 a6 20. Na7 Rhd8 21. Bxd5
Nxd5 22. Nc6+ Ke8 23. Nxd8 Kxd8 24. Kd2 Rb2+ 25. Kc1 Rxf2 26. Rhf1 Rxa2 27. Kb1
Nxc3+ 28. Kc1 Nxd1 29. Rxd1 Ra1+ 30. Kd2 Rxd1+ 31. Kxd1 a5 32. Kc2 Ng2 33. Kb3
Nxe3 34. Ka4 Ng2 35. Kxa5 e3 36. Kb6 e2 37. d5 e1=Q 38. d6 Kd7 39. Kc5 Qc3+ 40.
Kb6 Qc6+ 41. Ka5 Qb7 42. Ka4 Kxd6 43. h4 gxh4 44. g5 fxg5 45. Ka5 Kc5 46. Ka4
Qb4# 0-1

[Event "AUTO-OPEN-2911"]
[Site "http://www.queenalice.com/game.php?id=1149106"]
[Date "2013.2.5"]
[Round "1"]
[White "jimmi"]
[Black "favazza2007"]
[Result "0-1"]
[WhiteElo "1553"]
[BlackElo "1897"]

1. e3 e5 2. Bc4 d5 3. Bb5+ c6 4. Ba4 b5 5. Bb3 a5 6. Nf3 Bg4 7. h3 Bxf3 8. Qxf3
a4 9. Bxd5 cxd5 10. Nc3 e4 11. Qf4 Bd6 12. Qg4 Nf6 13. Qxg7 Rg8 14. Qh6 Rg6 15.
Qh4 b4 16. Nb5 Be7 17. b3 a3 18. Qf4 Na6 19. g4 Ng8 20. h4 Bd6 21. Nxd6+ Qxd6
22. Qxd6 Rxd6 23. d3 Nf6 24. d4 Nxg4 25. Rg1 Rg6 26. h5 Rg8 27. Ke2 f5 28. f3
exf3+ 29. Kxf3 Nh2+ 30. Kf2 Rxg1 31. Kxg1 Ng4 32. Bd2 Nf6 33. h6 Ne4 34. Be1 Kf7
35. Rc1 Rg8+ 36. Kf1 Rg6 37. c4 dxc4 38. bxc4 Rxh6 39. c5 Nc3 40. d5 Nxc5 41.
Bf2 Rh1+ 42. Bg1 N5e4 43. Kg2 Rh5 44. Bh2 Nxd5 45. Rd1 Nxe3+ 46. Kg1 Nxd1 47.
Bc7 Rg5+ 48. Kf1 Ndc3 49. Ba5 Nxa2 50. Bxb4 Nxb4 0-1

[Event "AUTO-OPEN-2911"]
[Site "http://www.queenalice.com/game.php?id=1149107"]
[Date "2013.2.5"]
[Round "1"]
[White "favazza2007"]
[Black "jimmi"]
[Result "1-0"]
[WhiteElo "1885"]
[BlackElo "1551"]

1. c4 c5 2. Nc3 e6 3. e4 g5 4. d3 Qa5 5. Bd2 Qc7 6. Bxg5 h6 7. Bh4 Qf4 8. Bg3
Qf6 9. Qf3 Qxf3 10. Nxf3 Be7 11. Bxb8 Rxb8 12. Be2 d5 13. exd5 exd5 14. Nxd5 b5
15. Nc7+ Kd8 16. Nxb5 Bf6 17. Nxa7 Bd7 18. Rb1 Rb7 19. Nb5 Bxb5 20. cxb5 Rxb5
21. d4 Rb4 22. dxc5 Bxb2 23. Kd2 Nf6 24. Kc2 Re8 25. Rhd1+ Nd7 26. Ng1 Kc7 27.
Rxb2 Rxb2+ 28. Kxb2 Nxc5 29. Rc1 Kb6 30. Rb1 Kc6 31. Bf3+ Kd6 32. Rd1+ Kc7 33.
Rc1 Kb6 34. Rb1 Ne4 35. Bxe4 Rxe4 36. Kc3+ Kc5 37. Nf3 Re2 38. Rb2 Re4 39. Kd3
Rg4 40. g3 Rg6 41. Ne5 Re6 42. Nxf7 h5 43. Rc2+ Kd5 44. Ng5 Rd6 45. Ne4 Ke5+ 46.
Nxd6 Kxd6 47. a4 1-0

[Event "AUTO-INT-2551"]
[Site "http://www.queenalice.com/game.php?id=1149330"]
[Date "2013.2.6"]
[Round "1"]
[White "jimmi"]
[Black "TheAvenger"]
[Result "0-1"]
[WhiteElo "1604"]
[BlackElo "1676"]

1. c4 e5 2. e4 Nf6 3. Qf3 Nc6 4. d3 Nd4 5. Qe3 Nc2+ 6. Kd2 Nxe3 7. fxe3 c6 8.
Kd1 d5 9. exd5 cxd5 10. cxd5 Qxd5 11. Nc3 Bg4+ 12. Kc2 Bb4 13. Nxd5 Nxd5 14. Ne2
Rc8+ 15. Nc3 Nxc3 16. bxc3 Rxc3+ 17. Kb2 O-O 18. Bd2 Rfc8 19. Bxc3 Bxc3+ 20. Kb1
Bxa1 21. Kxa1 Rc1+ 22. Kb2 Re1 23. h3 Be2 24. e4 Bxd3 25. Kc3 Rxf1 26. Rh2 Bxe4
27. g4 f5 28. gxf5 Bxf5 29. a4 Rf3+ 30. Kd2 Rxh3 31. Re2 e4 32. Re3 h5 33. Re1
Ra3 34. Re3 Rxa4 35. Rb3 b6 36. Ke3 h4 37. Kf4 g6 38. Rc3 h3 39. Rc2 Ra3 40. Rh2
Kf7 41. Kg5 Rg3+ 42. Kf4 Rg2 43. Rxg2 hxg2 44. Ke5 g1=B 45. Kf4 Kf6 46. Kg3 Kg5
47. Kg2 Be3 48. Kf1 Bg4 49. Kg2 Kh4 50. Kf1 Kg3 51. Ke1 Bc1 52. Kf1 Bd2 53. Kg1
Be2 54. Kh1 Bh6 55. Kg1 Be3+ 56. Kh1 Bf3# 0-1

[Event "AUTO-INT-2551"]
[Site "http://www.queenalice.com/game.php?id=1149331"]
[Date "2013.2.6"]
[Round "1"]
[White "TheAvenger"]
[Black "jimmi"]
[Result "1-0"]
[WhiteElo "1665"]
[BlackElo "1591"]

1. e4 e5 2. f4 Qe7 3. Bc4 exf4 4. d4 Qxe4+ 5. Qe2 Qxe2+ 6. Nxe2 Nc6 7. Bxf4 Bb4+
8. c3 Be7 9. Bxc7 Bh4+ 10. g3 Bf6 11. O-O Nh6 12. Nd2 O-O 13. Rxf6 gxf6 14. Rf1
Ng4 15. h3 Ne3 16. Rxf6 d5 17. Bd3 Be6 18. Bf4 Kg7 19. Rh6 Bf5 20. Bxf5 Nxf5 21.
Rh5 Nce7 22. g4 Nxd4 23. Nxd4 Ng6 24. Bh6+ Kg8 25. Bxf8 Rxf8 26. Rxd5 Nf4 27.
Rg5+ Kh8 28. Kh2 Ne6 29. Nxe6 fxe6 30. Ne4 h6 31. Rg6 e5 32. Rxh6+ Kg7 33. Re6
Kf7 34. Rf6+ Ke7 35. Rxf8 Kxf8 36. Nc5 b6 37. Nd7+ Ke7 38. Nxe5 Kd6 39. Nc4+ Kc5
40. Nxb6 axb6 41. g5 Kd6 42. g6 Ke7 43. h4 Kf6 44. h5 Kg7 45. a4 Kh6 46. a5 bxa5
47. c4 Kg7 48. c5 Kh6 49. c6 Kg7 50. c7 Kh6 51. c8=Q Kg7 52. Qd8 Kh6 53. Qh4 Kg7
54. Qg5 a4 55. Kg3 a3 56. bxa3 Kg8 57. Qe7 Kh8 58. Qh7# 1-0

[Event "AUTO-INT-2551"]
[Site "http://www.queenalice.com/game.php?id=1149332"]
[Date "2013.2.6"]
[Round "1"]
[White "jimmi"]
[Black "thigo"]
[Result "1-0"]
[WhiteElo "1579"]
[BlackElo "1507"]

1. c4 e5 2. e4 Qf6 3. Qf3 Qb6 4. Nc3 Nf6 5. Nd5 Nxd5 6. cxd5 Bc5 7. Nh3 d6 8.
Ng5 O-O 9. Be2 h6 10. Nh3 Bxh3 11. gxh3 Bd4 12. O-O Na6 13. Bxa6 Qxa6 14. d3 c6
15. Be3 c5 16. Bxd4 cxd4 17. Qg3 Rac8 18. Rac1 Qxa2 19. Rxc8 Rxc8 20. b4 Qb2 21.
Kh1 Qxb4 22. Qg4 Ra8 23. Rg1 g6 24. h4 h5 25. Qd1 1-0

[Event "AUTO-INT-2551"]
[Site "http://www.queenalice.com/game.php?id=1149333"]
[Date "2013.2.6"]
[Round "1"]
[White "thigo"]
[Black "jimmi"]
[Result "0-1"]
[WhiteElo "1494"]
[BlackElo "1592"]

1. e4 e5 2. Qf3 Bc5 3. Bc4 Nh6 4. d3 Qf6 5. Qxf6 gxf6 6. Bxh6 Rg8 7. g3 Rg6 8.
Be3 Bxe3 9. fxe3 Nc6 10. Nc3 Nb4 11. O-O-O d6 12. Nf3 Bg4 13. Rdf1 Bh3 14. Nh4
Rg4 15. Rxf6 O-O-O 16. Rxf7 h5 17. Nf5 d5 18. Nxd5 Nxd5 19. exd5 e4 20. Ng7 exd3
21. Bxd3 Bg2 22. Rg1 Bxd5 23. Re7 Bxa2 24. Ne6 Bxe6 0-1

[Event "AUTO-INT-2551"]
[Site "http://www.queenalice.com/game.php?id=1149334"]
[Date "2013.2.6"]
[Round "1"]
[White "jimmi"]
[Black "raven225"]
[Result "0-1"]
[WhiteElo "1421"]
[BlackElo "1664"]

1. e3 d5 2. Bb5+ c6 3. Bd3 e5 4. Qh5 Bd6 5. e4 Nf6 6. Qh4 d4 7. Qg3 O-O 8. Nf3
Bg4 9. Nxe5 Re8 10. O-O Bxe5 11. Qh4 Nbd7 12. f3 Bh5 13. f4 Bc7 14. e5 Bg6 15.
exf6 Bxd3 16. cxd3 Nxf6 17. b4 Nd5 18. Qxd8 Raxd8 19. Bb2 Nxf4 20. g3 Ne2+ 21.
Kf2 Bb6 22. Na3 Rd7 23. Rae1 Rde7 24. Rxe2 Rxe2+ 25. Kg1 Rxd2 26. Nc4 Rxd3 27.
a4 Bc7 28. Na5 Bxa5 29. bxa5 Re2 0-1

[Event "AUTO-INT-2551"]
[Site "http://www.queenalice.com/game.php?id=1149335"]
[Date "2013.2.6"]
[Round "1"]
[White "raven225"]
[Black "jimmi"]
[Result "1-0"]
[WhiteElo "1733"]
[BlackElo "1562"]

1. e4 e5 2. Nf3 b6 3. d4 exd4 4. Qxd4 Bb7 5. Nc3 Bc5 6. Qe5+ Ne7 7. Bb5 c6 8.
Bc4 b5 9. Bxf7+ Kxf7 10. Qxc5 Na6 11. Qh5+ g6 12. Ng5+ Ke8 13. Qh3 Nb4 14. O-O
h5 15. Qf3 Rf8 16. Qd1 c5 17. Nxb5 Ba6 18. Nd6# 1-0

[Event "AUTO-OPEN-2946"]
[Site "http://www.queenalice.com/game.php?id=1162903"]
[Date "2013.3.20"]
[Round "1"]
[White "jimmi"]
[Black "Limongi"]
[Result "0-1"]
[WhiteElo "1421"]
[BlackElo "1787"]

1. e4 e5 2. Nc3 Nf6 3. Qf3 Bb4 4. Nd5 Nxd5 5. exd5 d6 6. a3 Bc5 7. Bb5+ Bd7 8.
Bxd7+ Qxd7 9. Qg3 O-O 10. Nh3 c6 0-1